[Event "Challenge"]
[Site "http://www.queenalice.com/game.php?id=1429378"]
[Date "2016.6.28"]
[Round "-"]
[White "Enzo1945"]
[Black "magalhaes_br"]
[Result "1-0"]
[WhiteElo "1467"]
[BlackElo "1281"]

1. e4 e5 2. Nf3 Nc6 3. Nc3 a6 4. Bc4 Qe7 5. O-O d6 6. d3 Be6 7. Nd5 Qd7 8. Be3
h6 9. d4 f6 10. b3 b5 11. Bd3 Nb4 12. Nh4 Qf7 13. Qd2 Nc6 14. Qc3 Nge7 15. Nxc7+
Kd8 16. Nxa8 g5 17. dxe5 fxe5 18. Bb6+ Kd7 19. Nf3 Nc8 20. Bc7 Bg7 21. Rfd1 Ke8
22. Qxc6+ Bd7 23. Qxa6 Bf6 24. Bxb5 Bxb5 25. Qxc8+ Ke7 26. Qxh8 Bxh8 27. Bxd6+
Ke6 28. Bc5 Qb7 29. Rd6+ Kf7 30. Nb6 Kg7 31. g4 Kh7 32. Rd7+ Qxd7 33. Nxd7 Bxd7
34. Rd1 Be6 35. Rd6 Bf7 36. Nxe5 Be8 37. a4 Bxe5 38. Re6 Bg7 39. Rxe8 Kg6 40. a5
Kf7 41. Re7+ Kf8 42. a6 Bf6 43. Rh7+ Kg8 44. Rxh6 Kf7 45. a7 Ke6 46. a8=Q Kf7
47. Rh7+ Ke6 48. Qe8+ Be7 49. Qxe7# 1-0

[Event "Challenge"]
[Site "http://www.queenalice.com/game.php?id=1430647"]
[Date "2016.7.6"]
[Round "-"]
[White "Candida80"]
[Black "Enzo1945"]
[Result "0-1"]
[WhiteElo "1465"]
[BlackElo "1476"]

1. d3 d5 2. Na3 a6 3. d4 Nc6 4. c3 Nf6 5. f3 Bf5 6. e3 e6 7. g4 Bg6 8. h4 h5 9.
g5 Nd7 10. b4 Bd6 11. b5 axb5 12. Bxb5 Qe7 13. Nc2 Bg3+ 14. Ke2 O-O 15. Rh3 Bd6
16. f4 f6 17. a4 fxg5 18. hxg5 Na5 19. Rb1 Nc4 20. Bxc4 dxc4 21. Nf3 e5 22. dxe5
Bc5 23. Nh4 Qe6 24. Rg3 Be4 25. Nf3 Nb6 26. Ra1 Nd5 27. Ncd4 Bxd4 28. Qxd4 b6
29. Qxc4 c5 30. Qxe4 Nxc3+ 31. Kd3 Nxe4 32. Kxe4 Rad8 33. Nd2 Qd5# 0-1

[Event "Challenge"]
[Site "http://www.queenalice.com/game.php?id=1430884"]
[Date "2016.7.8"]
[Round "-"]
[White "Enzo1945"]
[Black "serard1"]
[Result "0-1"]
[WhiteElo "1488"]
[BlackElo "1522"]

1. d4 d6 2. Nf3 f6 3. Nc3 c6 4. e4 f5 5. Bd3 fxe4 6. Bxe4 d5 7. Bd3 Bg4 8. O-O
h6 9. Bg6+ Kd7 10. Ne5+ Kc8 11. h3 Bxd1 12. Rxd1 Qd6 13. Bf4 Qf6 14. Bg3 h5 0-1

[Event "Challenge"]
[Site "http://www.queenalice.com/game.php?id=1430885"]
[Date "2016.7.8"]
[Round "-"]
[White "Enzo1945"]
[Black "armandocosta"]
[Result "0-1"]
[WhiteElo "1469"]
[BlackElo "1957"]

1. e3 d5 2. d4 e6 3. Nc3 Bb4 4. Bd2 Nf6 5. a3 Bxc3 6. Bxc3 O-O 7. Nf3 c5 8. dxc5
Nc6 9. Ne5 Nxe5 10. Bxe5 Ne4 11. Qe2 f6 12. Bd6 Nxd6 13. cxd6 Qxd6 14. Qd2 a6
15. Bd3 b5 16. O-O e5 17. f3 Bb7 18. c3 e4 19. fxe4 dxe4 20. Be2 Qxd2 21. Bg4
Qxe3+ 22. Kh1 Qg5 23. h3 e3 24. Rae1 Bxg2+ 25. Kxg2 Qd5+ 26. Kg1 Qd2 27. Be6+
Kh8 28. Bg4 Rae8 29. b4 f5 30. Be2 f4 31. Rd1 Qxe2 32. Rde1 Qh5 33. Kh2 g5 34.
c4 g4 35. Kg2 Qh4 36. cxb5 Qxh3+ 37. Kg1 Qg3+ 38. Kh1 f3 39. Rg1 Qh3# 0-1

[Event "Challenge"]
[Site "http://www.queenalice.com/game.php?id=1434989"]
[Date "2016.8.6"]
[Round "-"]
[White "Enzo1945"]
[Black "Lapoule"]
[Result "0-1"]
[WhiteElo "1467"]
[BlackElo "1069"]

1. e4 e6 2. e5 Nc6 3. Nf3 d6 4. exd6 cxd6 5. d4 d5 6. Nc3 a6 7. Bd3 h6 8. O-O
Bd6 9. Ne5 Qh4 10. Qf3 Nxe5 11. Qg3 Nf3+ 12. Qxf3 Qxh2# 0-1

[Event "Challenge"]
[Site "http://www.queenalice.com/game.php?id=1436463"]
[Date "2016.8.16"]
[Round "-"]
[White "Enzo1945"]
[Black "Numimbala"]
[Result "0-1"]
[WhiteElo "1489"]
[BlackElo "1531"]

1. d4 a6 2. Nf3 f6 3. Nc3 c6 4. Bf4 g5 5. Qd2 gxf4 6. e3 Qc7 7. exf4 Bh6 8. g3
d6 9. Nh4 f5 10. Bd3 e6 11. O-O-O e5 12. fxe5 Bxd2+ 13. Kxd2 Nh6 14. Rhe1 d5 15.
e6 Rf8 16. e7 Rf6 17. Kc1 Ng4 18. Rd2 Nd7 19. Bxf5 Nb6 20. Bxh7 Bf5 21. h3 Nc4
22. Rde2 Qb6 23. hxg4 Qxb2+ 0-1

[Event "Challenge"]
[Site "http://www.queenalice.com/game.php?id=1436464"]
[Date "2016.8.16"]
[Round "-"]
[White "Enzo1945"]
[Black "Numimbala"]
[Result "0-1"]
[WhiteElo "1475"]
[BlackElo "1545"]

1. d4 Nf6 2. Nf3 Ne4 3. e3 c6 4. Qe2 e6 5. Nc3 Bb4 6. Bd2 Bxc3 7. Bxc3 f6 8. Bb4
a5 9. Bc3 b5 10. a3 Ba6 11. O-O-O b4 12. axb4 Bxe2 13. Bxe2 Nxf2 14. e4 axb4 15.
Bxb4 Nxd1 16. Rxd1 Na6 17. Bd6 Nb8 18. c3 Qa5 19. Kd2 Qb6 20. b4 Na6 21. Bc4 Nc7
22. Rb1 Rg8 23. d5 cxd5 0-1

[Event "💘💘"]
[Site "http://www.queenalice.com/game.php?id=1436915"]
[Date "2016.8.19"]
[Round "-"]
[White "Camy"]
[Black "Enzo1945"]
[Result "1-0"]
[WhiteElo "1828"]
[BlackElo "1492"]

1. e4 e5 2. Nf3 Nc6 3. Bc4 Qe7 4. Nc3 Nf6 5. O-O d6 6. Ng5 Be6 7. d3 h6 8. Be3
Nd4 9. Bxd4 exd4 10. Bxe6 fxe6 11. Nb5 e5 12. Qd2 hxg5 13. Qxg5 a6 14. Na3 O-O-O
15. Rfe1 c5 16. Nc4 b5 17. Nb6+ Kb8 18. Qd2 Ng4 19. h3 Qf7 20. hxg4 Be7 21. Qa5
Ka7 22. Nd5 Rb8 23. Qc7+ Ka8 24. Qc6+ Ka7 25. Qc7+ Ka8 26. Qc6+ Ka7 27. a4 Bh4
28. Nc7 Rhc8 29. Qxa6# 1-0

[Event "Challenge"]
[Site "http://www.queenalice.com/game.php?id=1438115"]
[Date "2016.8.28"]
[Round "-"]
[White "Lapoule"]
[Black "Enzo1945"]
[Result "1-0"]
[WhiteElo "1139"]
[BlackElo "1467"]

1. e4 e5 2. Nf3 Nc6 3. Nc3 Nf6 4. d4 Bd6 5. d5 Nd4 6. Nxd4 Bb4 7. Nf5 O-O 8. Qf3
g6 9. Nh6+ Kh8 10. Bg5 Be7 11. h4 d6 12. Nb5 a6 13. Nxc7 Qxc7 14. Bxf6+ Bxf6 15.
Qxf6# 1-0

[Event "Challenge"]
[Site "http://www.queenalice.com/game.php?id=1443242"]
[Date "2016.9.28"]
[Round "-"]
[White "Candida80"]
[Black "Enzo1945"]
[Result "1-0"]
[WhiteElo "1521"]
[BlackElo "1399"]

1. e3 Nc6 2. c3 Nf6 3. f3 e5 4. Bb5 d5 5. Bxc6+ bxc6 6. Qb3 Bd6 7. h4 Be6 8. Qb7
O-O 9. Qxc6 Bd7 10. Qa6 e4 11. Ne2 Nh5 12. Nf4 Nxf4 13. exf4 exf3 14. gxf3 Qe8+
15. Kf2 Bb5 16. Qb7 a6 17. Qxd5 Qe2+ 18. Kg3 Rae8 19. Na3 Bd3 20. b3 Re6 21. Rh2
Qe1+ 22. Kh3 Qf1+ 23. Rg2 Be2 24. Qg5 Qh1+ 25. Rh2 Qf1+ 26. Rg2 Bxf3 27. Qxg7#
1-0

[Event "Challenge"]
[Site "http://www.queenalice.com/game.php?id=1444037"]
[Date "2016.10.3"]
[Round "-"]
[White "Enzo1945"]
[Black "Dinda54"]
[Result "0-1"]
[WhiteElo "1430"]
[BlackElo "1468"]

1. Nf3 d5 2. Nc3 Nf6 3. e3 e5 4. Nxe5 Be6 5. Bd3 Bd6 6. O-O Bxe5 7. Qf3 Nc6 8.
e4 Nd4 9. Qe3 Qd6 10. Qg5 O-O-O 11. Qxg7 Ng4 12. g3 Bxg7 13. h3 Nxf2 14. Rxf2
Qxg3+ 15. Rg2 Qe1+ 16. Kh2 Be5+ 17. Rg3 Qxg3+ 18. Kh1 Qh2# 0-1

[Event "Challenge"]
[Site "http://www.queenalice.com/game.php?id=1446135"]
[Date "2016.10.17"]
[Round "-"]
[White "Enzo1945"]
[Black "Candida80"]
[Result "1-0"]
[WhiteElo "1385"]
[BlackElo "1488"]

1. e3 a5 2. a3 a4 3. Nc3 c6 4. Bc4 f6 5. d3 b5 6. Bxg8 Rxg8 7. Nf3 Na6 8. O-O g6
9. e4 Bg7 10. Be3 b4 11. Nxa4 Qa5 12. c4 Rb8 13. b3 d6 14. d4 Bg4 15. c5 Bxf3
16. Qxf3 dxc5 17. dxc5 e5 18. Bd2 Rb5 19. axb4 Nxb4 20. Bxb4 Qxb4 21. Rfd1 Ke7
22. Nb6 Rd8 23. h3 Rxc5 24. Ra7+ Ke8 25. Rxd8+ Kxd8 26. Rd7+ Ke8 27. Rxg7 Qxb6
28. Qxf6 Rc1+ 29. Kh2 Qc5 30. Qf7+ Kd8 31. Qg8+ 1-0

[Event "Challenge"]
[Site "http://www.queenalice.com/game.php?id=1446136"]
[Date "2016.10.17"]
[Round "-"]
[White "Enzo1945"]
[Black "Candida80"]
[Result "1-0"]
[WhiteElo "1365"]
[BlackElo "1510"]

1. Nf3 a5 2. a3 a4 3. Nc3 c6 4. e4 f6 5. d4 d6 6. Bc4 b5 7. O-O bxc4 8. Be3 g6
9. d5 c5 10. Qe2 Ba6 11. b4 Nd7 12. Rfd1 e5 13. b5 Bb7 14. Qxc4 Nb6 15. Qd3 h5
16. Nh4 Kf7 17. Bd2 f5 18. exf5 Ne7 19. fxg6+ Kg7 20. Bg5 c4 21. Qe2 Bxd5 22.
Nxd5 Nbxd5 23. Qe4 Nc3 24. Qe3 Nxd1 25. Rxd1 Qd7 26. Qf3 Ra5 27. b6 Rb5 28. Qf6+
Kg8 29. Qf7# 1-0

[Event "❤️❤️"]
[Site "http://www.queenalice.com/game.php?id=1446486"]
[Date "2016.10.19"]
[Round "-"]
[White "Camy"]
[Black "Enzo1945"]
[Result "1-0"]
[WhiteElo "1850"]
[BlackElo "1387"]

1. d4 d5 2. Nc3 Nf6 3. Nf3 Nc6 4. Bf4 Ne4 5. Nxe4 dxe4 6. Ng5 Bf5 7. e3 e6 8.
Qd2 Qe7 9. Bb5 a6 10. Bxc6+ bxc6 11. O-O h6 12. Qa5 hxg5 13. Bxc7 Rc8 14. Bb6
Qd7 15. Qxa6 Bd6 16. a4 g4 17. g3 e5 18. dxe5 Bxe5 19. f4 Bxb2 20. Rab1 Bc3 21.
Rfd1 Qe7 22. Ba7 Qc5 23. Bxc5 Rd8 24. Qxc6+ Rd7 25. Rxd7 f6 26. Rxg7+ Kd8 27.
Qc7+ Ke8 28. Qe7# 1-0

[Event "Challenge"]
[Site "http://www.queenalice.com/game.php?id=1447109"]
[Date "2016.11.1"]
[Round "-"]
[White "Enzo1945"]
[Black "serard1"]
[Result "0-1"]
[WhiteElo "1414"]
[BlackElo "1442"]

1. d4 d5 2. Nc3 c6 3. Nf3 Nf6 4. h3 b5 5. Bg5 h6 6. Bxf6 exf6 7. e3 a5 8. Qd2 b4
9. Na4 Nd7 10. Bd3 c5 11. O-O g5 12. Nxc5 h5 13. g3 Bxc5 14. dxc5 Nxc5 15. Bb5+
Nd7 0-1

[Event "Challenge"]
[Site "http://www.queenalice.com/game.php?id=1447110"]
[Date "2016.11.1"]
[Round "-"]
[White "Enzo1945"]
[Black "serard1"]
[Result "0-1"]
[WhiteElo "1430"]
[BlackElo "1426"]

1. d4 d5 2. Nf3 f6 3. Nc3 Bg4 4. Bf4 c6 5. e3 g5 6. h3 Bxf3 7. Qxf3 gxf4 8. Qxf4
Nd7 9. Bd3 e5 10. dxe5 Nxe5 11. O-O-O h5 12. Bg6+ Nf7 13. Rhe1 Qe7 14. e4 Rh6
15. Bf5 Ne5 0-1

[Event "Challenge"]
[Site "http://www.queenalice.com/game.php?id=1454174"]
[Date "2016.12.10"]
[Round "-"]
[White "dejami"]
[Black "Enzo1945"]
[Result "1-0"]
[WhiteElo "1718"]
[BlackElo "1391"]

1. e4 e5 2. Bc4 Qe7 3. Nc3 d6 4. Nd5 Qd7 5. h3 c6 6. Nc3 Nf6 7. g4 h6 8. f3 Na6
9. a3 Nc5 10. b4 Na6 11. Bb2 d5 12. Bd3 d4 13. Nce2 Qc7 14. Nc1 Be6 15. Qe2 Bd6
16. Qf2 1-0

[Event "Challenge"]
[Site "http://www.queenalice.com/game.php?id=1459533"]
[Date "2017.1.14"]
[Round "-"]
[White "Enzo1945"]
[Black "Camy"]
[Result "0-1"]
[WhiteElo "1374"]
[BlackElo "1731"]

1. d4 d5 2. Nc3 Nf6 3. Nf3 Nc6 4. Ne5 Nxe5 5. dxe5 d4 6. exf6 gxf6 7. Ne4 Bf5 8.
Bf4 e6 9. f3 Bd6 10. e3 dxe3 11. Bd3 Bxf4 12. g3 Be5 0-1